LEADER 01440nam a2200301 i 4500 001 000000110914 003 CaOOAMICUS 005 20110204000000.0 008 110204s2002 gw u000 u ger u 013 $a83595 020 $a3-402-8118-0 040 $aSeMil$bita 100 1 $aZimmermann, Norbert <1968- >.$0(OLS)http://semarc/name/46486 245 10$aWerkstattgruppen römischer Katakombenmalerei /$cvon Norbert Zimmermann. 260 $aMünster :$bAschendorff,$c2002. 300 $a309 p., 48, 17 c. di tav. anche ripieg. (in tasca) :$bill. ;$c29 cm. 490 0 $aJahrbuch für Antike und Christentum. Ergänzungsband ;$v35 650 4$aRoma antica - Catacombe.$0(OLS)http://semarc/subject/7555 650 4$aArte paleocristiana - Studi.$0(OLS)http://semarc/subject/19771 650 4$aArte paleocristiana - Simboli.$0(OLS)http://semarc/subject/6697 650 4$aArte cristiana e simbolismo.$0(OLS)http://semarc/subject/9719 830 0$aJahrbuch für Antike und Christentum. Ergänzungsband ;$v35.$0(OLS)http://semarc/title/175 850 $aSeMil 852 $aSeMil$W1$xVenegono$y1$m3KA B 35$j226591$B66766$CSeMilBibl$Z2$F73509 $81 961 $aSottoscrizione: Aschendorff 996 $6020$a3-402-8118-0$9(OLS)http://semarc/number/92883 996 $6245$aWerkstattgruppen römischer Katakombenmalerei$9(OLS)http://semarc/title/161297 996 $6260$aMünster :$bAschendorff$9(OLS)http://semarc/publisher/29674 LEADER 01532nam a2200301 i 4500 001 000000132544 003 CaOOAMICUS 005 20230525131406.0 008 091009s2008 it u000 u ita u 020 $a978-88-89736-35-7 040 $aSeMil$bita 111 2 $aConvegno Nuove terre e nuove chiese <2005 ; Venezia>.$0(OLS)http://semarc/name/54562 245 10$aNuove terre e nuove chiese :$ble comunità di fedeli orientali in diaspora /$ca cura di Luis Okulik. 264 1$aVenezia :$bMarcianum Press,$c2008. 300 $a268 p. ;$c25 cm. 490 1 $aFacoltà di diritto canonico San Pio X. Studi ;$v7 650 4$aChiese Orientali Cattoliche - Atti di congressi.$0(OLS)http://semarc/subject/20659 650 4$aDiritto canonico orientale.$0(OLS)http://semarc/subject/9566 650 4$aChiese Orientali Cattoliche - Diaspora.$0(OLS)http://semarc/subject/26084 700 1 $aOkulik, Luis.$0(OLS)http://semarc/name/45910 830 0$aIus canonicum.. Studi / Facoltà di diritto canonico San Pio X. Diritto canonico ;$v7.$0(OLS)http://semarc/title/443738 850 $aSeMil 852 $aSeMil$W1$xVenegono$y1$m2NA C 7$j240860$B86452$CSeMilBibl$Z2$F90187 $81 961 $aAcquisto: DEA 996 $6020$a978-88-89736-35-7$9(OLS)http://semarc/number/119594 996 $6245$aNuove terre e nuove chiese :$ble comunità di fedeli orientali in diaspora$9(OLS)http://semarc/title/194661 996 $6264$aVenezia :$bMarcianum Press$9(OLS)http://semarc/publisher/31536